| 000 | 00504nam a22001697a 4500 | ||
|---|---|---|---|
| 003 | SGT | ||
| 020 | _a9789356961494 | ||
| 082 |
_a618.1 _bP23S |
||
| 100 | _aSHETH, MEGHA SANDEEP | ||
| 245 | _aPHYSIOTHERAPY IN OBSTETRICS& GYNECOLOGY A COMPREHENSIVE TB. ON WOMEN'S HEALTH | ||
| 250 | _a1ST | ||
| 260 |
_aINDIA _bJAYPEE PUB _c2023 |
||
| 300 | _a492 | ||
| 650 | _aPHYSIOTHERAPY , OBST & GYNE | ||
| 653 | _aPHYSIOTHERAPY IN OBSTETRICS& GYNECOLOGY A COMPREHENSIVE TB. ON WOMEN'S HEALTH | ||
| 942 |
_2ddc _cBK |
||
| 999 |
_c30983 _d30983 |
||